ひぐらしのなく頃に 各編の名前 (アニメ 無印・解) - Statistics

General Stats
  • This quiz has been taken 10 times
  • The average score is 6 of 10
Answer Stats
Hint Answer % Correct
綿流し編
88%
ひぐらしのく頃に 鬼隠し編
75%
目明し編
75%
祟殺し編
63%
皆殺し編
63%
祭囃し編
63%
暇潰し編
50%
罪滅し編
50%
ひぐらしのく頃に 解 サイカイ
38%
厄醒し編
13%
No matching quizzes found
Score Distribution
Percent of People with Each Score
Percentile by Number Answered
Your Score History
You have not taken this quiz